Juan Downey: of dream into study
Αποθηκεύτηκε σε:
| Μορφή: | Βιβλίο |
|---|---|
| Γλώσσα: | Αγγλικά |
| Έκδοση: |
Santiago
Lord Cochrane
1989
|
| Θέματα: | |
| Ετικέτες: |
Προσθήκη ετικέτας
Δεν υπάρχουν, Καταχωρήστε ετικέτα πρώτοι!
|
MARC
| LEADER | 00000nam a2200000 a 4500 | ||
|---|---|---|---|
| 001 | UCN8263 | ||
| 003 | CL-VaPUC | ||
| 008 | 011109e19890000CL |||||||||||||||||eng|d | ||
| 082 | 0 | 4 | |a 709.04 |b JUA |2 21 |
| 245 | 1 | 0 | |a Juan Downey: of dream into study |
| 300 | |a pág. irreg | ||
| 942 | |c BK | ||
| 945 | |d 20011109 00:00:00 |a cmena | ||
| 260 | |a Santiago |b Lord Cochrane |c 1989 | ||
| 600 | 0 | 7 | |a DOWNEY, JUAN |2 CL-VaPUC |9 464571 |
| 650 | 0 | |a Arte contemporáneo |9 338008 | |
| 650 | 0 | |a Crítica e interpretación |9 255042 | |
| 650 | 0 | |a Artistas chilenos |9 344566 | |
| 651 | 7 | |a CHILE |2 CL-VaPUC |9 464572 | |
| 583 | |a last modification |c 20011109 00:00:00 |k Rodrigo Vera | ||
| 999 | |c 298280 |d 298278 | ||